000 00800 a2200301 4500
001 116656
020 _a9780761193081
020 _q(pbk.)
020 _a0761193081
020 _q(pbk.)
041 _aeng
082 _a[E]
490 _aIndestructibles
521 _aEarly Toddler
697 _aPicture book.
697 _aColors
830 _aIndestructibles
856 _u000006/00000670.jpeg
040 _aYDXCP
_beng
_cYDXCP
_dBR-BrIDEA
_erda
050 _aQL763
_b.L86 2017
090 _aA Early [E]
_bTRU
100 _aTrukhan, Ekaterina
_eauthor
245 1 0 _aBaby, see the colors!
_cEkaterina Trukhan
260 _aNew York
_bWorkman Publishing Co
_c2019
300 _a1 volume (unpaged)
_bcolor illustrations
_c18 cm
338 _2rdacarrier
_avolume
_bvolume
942 _cBK
999 _c116656
_d116656